000 00295pam a2200121a 44500
008 230405s1985 xxu||||| |||| 00| 0 eng d
041 _aENG
100 _achorloton f.
245 _aTextbook of dynamics
260 _a
_bc.b.s.publishers and distributors
_c1985
300 _a271
906 _a1461
999 _c292804
_d292804